Direct casework with children : (Record no. 59979)
[ view plain ]
| 000 -LEADER | |
|---|---|
| fixed length control field | 01100nam a2200277 a 4500 |
| 001 - CONTROL NUMBER | |
| control field | 59979 |
| 003 - CONTROL NUMBER IDENTIFIER | |
| rucl marc code | BD-RjUL |
| 005 - DATE AND TIME OF LATEST TRANSACTION | |
| control field | 20211209080806.0 |
| 008 - FIXED-LENGTH DATA ELEMENTS--GENERAL INFORMATION | |
| fixed length control field | 720825s1957 nyu 100 0 eng |
| 035 ## - SYSTEM CONTROL NUMBER | |
| System control number | (BD-RjUL)60103 |
| System control number | (OCoLC)391710 |
| 040 ## - CATALOGING SOURCE | |
| Original cataloging agency | DLC |
| Transcribing agency | OYU |
| Modifying agency | OCoLC |
| -- | BD-RjUL |
| Language of cataloging | eng |
| 041 ## - LANGUAGE CODE | |
| Language code of text/sound track or separate title | eng |
| 082 ## - DEWEY DECIMAL CLASSIFICATION NUMBER | |
| Classification number | 362.7 |
| Edition number | 23 |
| Author mark and year | DIC 1957 |
| 245 00 - TITLE STATEMENT | |
| Title | Direct casework with children : |
| Remainder of title | papers presented November 16, 1956 at Cincinnati, Ohio, at the biennial meeting of the Family Service Association of America / |
| 260 ## - PUBLICATION, DISTRIBUTION, ETC. (IMPRINT) | |
| Place of publication, distribution, etc. | [New York, : |
| Name of publisher, distributor, etc. | Family Service Association of America, |
| Date of publication, distribution, etc. | 1957 |
| 300 ## - PHYSICAL DESCRIPTION | |
| Pagination | 39 p. ; |
| Size | 23 cm. |
| 505 0# - FORMATTED CONTENTS NOTE | |
| Formatted contents note | Formulation of criteria for direct work with children in a family agency, by J. Regensburg.--Professional responsibility in casework treatment of children, by S. Fraiberg. |
| 650 #0 - SUBJECT ADDED ENTRY--TOPICAL TERM | |
| Topical term or geographic name as entry element | Child welfare. |
| 9 (RLIN) | 178042 |
| Topical term or geographic name as entry element | Social case work. |
| 9 (RLIN) | 176720 |
| 700 1# - ADDED ENTRY--PERSONAL NAME | |
| Personal name | Regensburg, Jeanette, |
| Dates associated with a name | 1898- |
| Personal name | Fraiberg, Selma H. |
| 710 2# - ADDED ENTRY--CORPORATE NAME | |
| Corporate name or jurisdiction name as entry element | Family Service Association of America. |
| 9 (RLIN) | 178421 |
| 942 ## - ADDED ENTRY ELEMENTS (KOHA) | |
| Source of classification or shelving scheme | Dewey Decimal Classification |
| Koha item type | Books |
| Lost status | Source of classification or shelving scheme | Damaged status | Not for loan | Collection code | Permanent Location | Current Location | Shelving location | Date acquired | Source of acquisition | Total Checkouts | Full call number | Date last seen | Copy number | Koha item type |
|---|---|---|---|---|---|---|---|---|---|---|---|---|---|---|
| Dewey Decimal Classification | Not For Loan | Non-fiction | Central Library, University of Rajshahi | Central Library, University of Rajshahi | Reading Room | 27/09/1965 | Zeitlinger | 362.7 DIC 1957 | 28/12/2016 | C-1 | Books |